BIBLIOTECA

SENCICO

Manual del alumbrado / (Registro nro. 9891)

Detalles MARC
000 -LEADER
Campo de control de longitud fija 01682nam a22002777a 4500
003 - IDENTIFICADOR DEL NÚMERO DE CONTROL
Campo de control PE SENCICO BE
005 - FECHA Y HORA DE LA ÚLTIMA TRANSACCIÓN
Campo de control 20260422173019.0
008 - ELEMENTOS DE LONGITUD FIJA - INFORMACIÓN GENERAL
Campo de control de longitud fija 260422b |||||||| |||| 00| 0 eng d
017 ## - NÚMERO DEL REGISTRO DE DERECHOS DE AUTOR O DEL DEPÓSITO LEGAL
Fuente M.550-1988
020 ## - ISBN
ISBN 84-283-1263-X
040 ## - FUENTE DE CATALOGACIÓN
Origen de catalogación PE SENCICO BE
Agencia que realiza la transcripción PE SENCICO BE
041 ## - CÓDIGO DE IDIOMA
Idioma del texto spa
082 ## - NÚMERO DE CLASIFICACIÓN DECIMAL DEWEY
Código de Clasificación Dewey 621.32
Notación Interna P5
110 1# - ASIENTO PRINCIPAL--NOMBRE CORPORATIVO
Autor Corporativo Phillips
9 (RLIN) 657
Término Relacionado autor
245 1# - MENCIÓN DEL TITULO
Título Manual del alumbrado /
Mención de responsabilidad Philips
250 ## - MENCIÓN DE EDICIÓN
Edición [1a ed.]
260 ## - PUBLICACIÓN, DISTRIBUCIÓN, ETC. (PIE DE IMPRENTA)
Lugar de publicación, distribución, etc. Madrid :
Nombre de la Editorial, Distribuidor, etc. Paraninfo ;
Fecha de publicación, distribución, etc. 1975
300 ## - DESCRIPCIÓN FÍSICA
Paginación 327 páginas :
Otros detalles físicos cuadros, gráficos ;
Dimensión 20.5 cm.
505 0# - NOTA DE CONTENIDO CON FORMATO PREESTABLECIDOE
Contenido o índice Materiales de alumbrado – Lámparas – Luminarias – Elementos auxiliares – Alumbrado interior – Diseño de alumbrado – Integración del alumbrado, aire acondicionado y acústica – Cálculos de alumbrado – Alumbrado exterior – Alumbrado público – Alumbrado de túneles – Áreas residenciales y peatonales – Alumbrado de edificios y áreas con proyectos – Alumbrado para deportes en interiores – Alumbrado para deportes al aire libre -- Radiación.
520 3# - NOTA DE RESUMEN, ETC.
Resumen, etc. Proporciona un compendio de información útil en la práctica de la ingeniería de iluminación. El trabajo está basado en los resultados de muchas investigaciones en iluminación y radiaciones, llevadas a cabo por los laboratorios de alumbrado Philips y la gran experiencia acumulada para el diseño de instalaciones. El objeto de este manual es abarcar aspectos de la ingeniería de iluminación en el alumbrado interior, exterior y aplicaciones especiales.
650 10 - ASIENTO SECUNDARIO DE MATERIA - TERMINO TEMÁTICO
Término de tema o elemento de entrada de nombre geográfico Iluminación
9 (RLIN) 328
650 20 - ASIENTO SECUNDARIO DE MATERIA - TERMINO TEMÁTICO
Término de tema o elemento de entrada de nombre geográfico Instalaciones eléctricas
9 (RLIN) 349
650 20 - ASIENTO SECUNDARIO DE MATERIA - TERMINO TEMÁTICO
Término de tema o elemento de entrada de nombre geográfico Conductores eléctricos
9 (RLIN) 483
910 ## - RESPONSABLE DEL REGISTRO
Coordinador de procesamiento de la información hfp
942 ## - ELEMENTOS DE KOHA
Fuente de clasificación o esquema de estanterías Dewey Decimal Classification
Tipo de documento Libros
999 ## -
-- 9891
-- 9891
Existencias
Estado Retiro Estado Perdido Sistema de Clasificación o Esquema de Estantería Estado Dañado No es para préstamo Ubicación Permanente Ubicación Actual Fecha de adquisición Total Checkouts Signatura topográfica completa Código de Barras Date last seen Precio efectivo desde Tipo de ítem
    Dewey Decimal Classification     Biblioteca Tacna Biblioteca Tacna 22/04/2026   621.32/P5 BibZtacn26042630 22/04/2026 22/04/2026 Libros